[Event "ROU-chT 1st League 2019"]
[Site "Mamaia"]
[Date "2019.09.22"]
[Round "2.6"]
[White "Vasiesiu, Victor"]
[Black "Banzea, Alexandru-Bogdan"]
[Result "1-0"]
[WhiteElo "2251"]
[BlackElo "2401"]
[Annotator "TA"]
[PlyCount "116"]
[EventDate "2019.09.21"]
[EventType "team-tourn"]
[EventCountry "ROU"]
[SourceTitle "playchess.com"]
[Source "ChessBase"]
[SourceQuality "1"]

{[%evp 14,116,31,26,37,39,47,11,31,26,21,18,32,15,21,-7,14,9,49,33,92,90,75,48,40,49,48,19,39,46,47,41,42,-18,-18,-18,-18,-16,0,0,54,56,67,66,55,48,60,60,58,56,60,54,59,54,60,54,68,68,68,57,61,66,68,68,68,68,72,68,222,222,222,62,222,222,279,298,295,297,353,348,329,330,314,307,364,362,418,417,416,407,398,367,370,368,624,590,843,835,1078,940,29982,29983,29983,29983,29982]} 1. e4 c5 2. Nf3 d6 3. d4 cxd4 4. Nxd4 Nf6 5. Nc3 a6 6. Bd3 g6 7. f3 Bg7 8. Be3 Nbd7 {B72: Sicilian Dragon: 6 Be3, lines with h3+Bc4 and sidelines} (8... Nc6 9. Qd2 Nxd4 10. Bxd4 Be6 11. g4 b5 12. h4 Qa5 13. a3 h6 14. O-O-O Rb8 15. g5 Nh5 16. Bxg7 Nxg7 17. gxh6 {½-½ (41) Anand,V (2779)-Navara,D (2739) Shamkir 2019}) 9. Qd2 h5 10. O-O-O b5 {The position is equal.} 11. Nd5 $146 {Black must now prevent Nc6.} ({Predecessor:} 11. Nc6 Qc7 12. Nb4 Bb7 13. Kb1 O-O 14. Be2 Rfb8 15. Rhe1 e6 16. a3 {½-½ (49) Kharlamov,V (2487)-Bester,B (2408) ICCF email 2011}) 11... Bb7 12. Nxf6+ Bxf6 13. Nb3 Rc8 14. f4 Qc7 15. Rhf1 Nb6 {...Nc4 is the strong threat.} 16. e5 Nc4 (16... Bg7 $14) 17. Bxc4 $1 $16 bxc4 18. exf6 (18. Nc5 $5 dxc5 19. exf6 exf6 20. f5 $14) 18... cxb3 19. axb3 Be4 {[%cal Rc7c2]} 20. c4 {Hoping for fxe7.} d5 21. fxe7 Qxe7 22. Bd4 O-O 23. f5 (23. Bc3 $14) 23... dxc4 $11 24. b4 c3 25. Bxc3 Qxb4 {Threatens to win with ...Qa4.} 26. fxg6 Qa4 (26... Bxg6 $11 27. Qd4 Rxc3+ $1 {[%mdl 512]} 28. Qxc3 Qe4) 27. gxf7+ $14 Kh7 {[%cal Ra4a1]} 28. Qe2 {[%cal Re2h5]} Bg6 29. Rf3 ({But not} 29. Rd5 $2 Rxc3+ $1 {[%mdl 512]} 30. bxc3 Qa1+ 31. Kd2 Qa2+ 32. Ke1 Qxd5 $19) 29... Qa1+ 30. Kd2 Rcd8+ 31. Ke1 $1 Rxd1+ 32. Qxd1 Qxd1+ 33. Kxd1 Rxf7 {[%mdl 4096] Endgame KRB-KRB} 34. Re3 Bf5 35. Re5 Kg6 36. Kd2 Rf6 37. Ra5 Rd6+ 38. Ke3 Bd7 39. Rc5 Bc6 40. Kf4 Bb5 $2 (40... Re6 $14) 41. Rg5+ $18 Kh6 {[#]} 42. Bg7+ $1 Kh7 {[#]} 43. Be5 $1 {[%cal Re5d6]} Rd2 44. Rxh5+ Kg6 45. Rg5+ Kf7 46. h4 Rf2+ 47. Ke3 Re2+ 48. Kf3 Rc2 {If only Black now had time for ...Bc6+....} 49. g4 Ke6 50. Bc3 Bc6+ 51. Ke3 Bb5 52. Re5+ Kf7 53. Kf4 Bd7 $2 (53... Re2 54. Rc5 Bd3) 54. h5 Rf2+ 55. Kg5 Rg2 56. Re4 Be6 {[#]} 57. Rxe6 $1 Kxe6 58. h6 Kd5 {Accuracy: White = 77%, Black = 44%.} 1-0

[Event "ROU-chT 1st League 2019"]
[Site "Mamaia"]
[Date "2019.09.22"]
[Round "2.7"]
[White "Kozak, Adam"]
[Black "Tarlev, Konstantin"]
[Result "1/2-1/2"]
[WhiteElo "2512"]
[BlackElo "2559"]
[Annotator "TA"]
[PlyCount "244"]
[EventDate "2019.09.21"]
[EventType "team-tourn"]
[EventCountry "ROU"]
[SourceTitle "playchess.com"]
[Source "ChessBase"]
[SourceQuality "1"]

{[%evp 12,244,9,18,7,21,25,19,19,20,50,57,56,47,46,20,29,8,17,12,36,25,26,25,18,22,67,69,65,56,59,59,59,58,69,30,31,32,50,0,51,37,65,55,83,67,85,72,91,56,39,37,46,47,91,91,106,54,54,68,58,64,66,72,80,55,67,53,60,37,38,20,21,15,22,40,56,48,63,56,63,63,63,63,71,0,0,0,0,0,0,0,0,0,0,0,0,0,0,0,0,0,0,0,0,0,56,56,63,63,63,63,63,65,86,71,86,0,0,0,0,0,0,0,0,0,0,0,0,3,95,94,95,95,95,95,95,95,110,111,118,118,118,0,127,0,0,0,0,0,0,0,0,0,0,0,0,0,0,0,0,0,0,0,0,0,0,0,0,0,0,0,0,0,0,0,0,0,0,0,0,0,0,0,0,0,0,0,0,0,0,0,0,0,0,0,0,0,0,0,0,0,0,0,0,0,0,0,0,0,0,0,0,0,0,0,0,0,0,0,0,0,0,0,0,0,0,0,0,0,0,0,0,0,0]} 1. d4 Nf6 2. c4 e6 3. Nc3 Bb4 4. Qc2 d5 5. a3 Bxc3+ 6. Qxc3 dxc4 7. Qxc4 b6 {E36: Nimzo-Indian: Classical: 4...d5 5 a3} 8. Nf3 Ba6 9. Qa4+ (9. Qc2 h6 10. Bf4 O-O 11. Rd1 Nbd7 12. g3 Rc8 13. Bg2 Nd5 14. O-O c5 15. Bd6 cxd4 {½-½ (45) Mamedyarov,S (2808)-Anand,V (2759) Leuven 2018}) 9... Qd7 10. Qc2 Nc6 11. Bg5 O-O 12. Bxf6 gxf6 13. Rd1 $146 (13. O-O-O {is more complex.} Ne7 14. Kb1 Bb7 15. e3 Kh8 16. Bd3) ({Predecessor:} 13. e3 Bxf1 14. Kxf1 Ne7 15. g3 c5 16. dxc5 Rac8 {½-½ (53) Nechaeva,M (2387)-Travkina,A (2176) Taganrog 2011}) 13... Ne7 14. e4 (14. e3 {with more complications.} Bxf1 15. Kxf1 c5 16. dxc5 Qb5+ 17. Qe2) 14... Bxf1 15. Kxf1 c5 16. dxc5 Qb5+ 17. Qe2 Qxc5 18. g3 f5 19. Kg2 Qc6 20. exf5 Nxf5 21. Qe5 f6 22. Qf4 Rad8 23. Rhe1 Rxd1 24. Rxd1 Rc8 25. Kg1 Qc7 (25... h5 $11) 26. Qe4 Ng7 27. Qa4 Qb7 28. Kg2 b5 29. Qd4 Qe7 30. Qd7 Qxd7 $1 31. Rxd7 $14 {[%mdl 4096] Endgame KRN-KRN} Rc2 32. b4 Nf5 {[#] Black wants to play ...Ne3+.} 33. Nd2 $1 a6 34. Kh3 (34. Ne4 $16) 34... Nh6 35. Ne4 Ng4 $1 {[%mdl 64] Decoy} 36. Kxg4 {KRN-KR} f5+ 37. Kf4 fxe4 38. Kxe4 Rxf2 $16 {KR-KR} 39. Rd6 Rxh2 40. Rxe6 Re2+ 41. Kf5 Rxe6 42. Kxe6 $11 {K3P-K3P} Kg7 43. Kd6 Kf6 44. Kc6 Kg5 45. Kb6 Kg4 46. Kxa6 Kxg3 47. Kxb5 $14 {KPP-KP} h5 {[#]} 48. Ka5 (48. Kc5 $1 $16 h4 49. b5) 48... h4 $11 49. b5 h3 50. b6 h2 51. b7 h1=Q 52. b8=Q+ {KQ-KQ} Kg4 53. a4 Qd5+ 54. Qb5 Qd8+ 55. Qb6 Qd5+ 56. Qb5 Qd8+ 57. Qb6 Qd5+ 58. Ka6 Qc4+ (58... Qd3+ $11 59. Qb5 Qg6+ 60. Ka5 Qe6) 59. Qb5 $1 $14 {[%cal Rb5c4]} Qc8+ 60. Kb6 Qb8+ 61. Kc6 Qc8+ 62. Kd6 Kg3 63. Qe5+ Kg2 64. a5 (64. Qg7+ $16 Kf3 65. Qd7 Qf8+ 66. Kc6) 64... Qb8+ $11 65. Ke6 Qe8+ $1 66. Kf5 Qh5+ 67. Ke6 Qe8+ $1 68. Kd5 Qb5+ 69. Ke4 Qe2+ 70. Kf4 Qa2 (70... Qf1+ $11 71. Kg5 Qc1+ 72. Kg6 Qc4 73. Qb2+ Kg3) 71. Qe4+ Kh2 72. Qh7+ Kg1 73. Qg6+ Kh2 74. Qd6 Kg1 75. Qb6+ Kh2 76. Qh6+ Kg1 {( -> ...Qd2+)} 77. Qg6+ Kh2 $1 78. a6 ({White should play} 78. Qg3+ $16 Kh1 79. Qh4+ Kg2 80. Qg5+ Kh2 81. Qh6+ Kg2 82. Qc6+ Kf2 83. a6) 78... Qd2+ {The position is equal.} 79. Ke5 Qa5+ 80. Ke4 Qb4+ 81. Kf5 {Threatens to win with Qh7+.} Qb5+ 82. Kg4 Qe2+ 83. Kh4 Qe1+ 84. Kh5 Qe5+ 85. Kg4 Qe2+ 86. Kf5 {Qd6+ is the strong threat.} Qb5+ 87. Kf4 Qf1+ 88. Kg5 {White threatens Qh5+ and mate.} Qc1+ 89. Kf6 Qc6+ 90. Kg7 Qd7+ 91. Qf7 Qd4+ 92. Qf6 Qd7+ 93. Kf8 Qc8+ 94. Ke7 {And now Qd6+ would win.} Qc7+ 95. Ke6 Qc6+ 96. Ke5 Qc3+ 97. Kf5 $1 Qf3+ 98. Kg5 Qd5+ 99. Kg4 Qd1+ 100. Kg5 Qd5+ 101. Kg4 Qd1+ 102. Kh4 Qe1+ 103. Kg5 Qg1+ 104. Kh6 Qc1+ 105. Kg7 {Qh6+ would kill now.} Qc7+ 106. Kg6 Qc2+ 107. Kf7 Qc7+ 108. Qe7 Qf4+ 109. Kg6 {aiming for Qh7+.} Qg3+ 110. Kh5 {White wants to mate with Qh4+.} Qf3+ 111. Kg5 Qg3+ 112. Kh6 Qh3+ 113. Kg7 Qg4+ 114. Kf7 Qf4+ 115. Qf6 Qc7+ 116. Kf8 {Intending Qh8+ and mate.} Qc8+ 117. Kg7 {Black must now prevent Qf4+.} Qd7+ 118. Kg6 {Hoping for Qf4+.} Qd3+ 119. Kg5 {Strongly threatening Qb6.} Qd5+ 120. Qf5 Qd8+ 121. Kg6 {Threatening mate with Qh5+.} Qd6+ 122. Qf6 Qd3+ {Accuracy: White = 58%, Black = 66%.} 1/2-1/2

[Event "ROU-chT 1st League 2019"]
[Site "Mamaia"]
[Date "2019.09.22"]
[Round "2.8"]
[White "Morozov, Nichita"]
[Black "Gavrilescu, David"]
[Result "1-0"]
[WhiteElo "2394"]
[BlackElo "2451"]
[Annotator "TA"]
[PlyCount "67"]
[EventDate "2019.09.21"]
[EventType "team-tourn"]
[EventCountry "ROU"]
[SourceTitle "playchess.com"]
[Source "ChessBase"]
[SourceQuality "1"]

{[%evp 9,67,22,40,25,22,22,18,10,14,8,9,10,18,8,25,14,26,8,34,29,29,26,88,86,86,86,72,85,81,75,52,52,86,86,81,84,148,170,174,117,155,165,189,154,230,227,213,223,199,199,210,189,525,513,1152,1209,1132,1083,2453,2352]} 1. d4 d5 2. c4 e6 3. Nc3 Bb4 4. cxd5 exd5 5. Bf4 c6 (5... Nf6 6. e3 c5 7. Bd3 Nc6 8. Nge2 c4 9. Bc2 O-O 10. Bg5 h6 11. Bh4 Be7 12. O-O Nd7 13. Bg3 Nf6 {1-0 (38) Nakamura,H (2754)-Dubov,D (2700) Paris 2019}) 6. e3 {D31: Queen's Gambit Declined: Semi-Slav without ...Nf6 (+ Marshall Gambit and Noteboom) and Exchange Variation lines without ...Nf6} Ne7 7. Bd3 Bf5 8. Nge2 {The position is equal.} Bxd3 9. Qxd3 Ng6 10. Bg3 O-O $146 ({Predecessor:} 10... Nd7 11. a3 Be7 12. O-O h5 13. f3 {½-½ (70) Schleining,Z (2326)-Batsiashvili,N (2438) Gaziantep 2012}) 11. O-O Nd7 12. f3 Re8 13. e4 $36 {[%mdl 2048] White is pushing.} Bxc3 14. Nxc3 dxe4 15. fxe4 Nc5 (15... Qb6 $11 {keeps the balance.}) 16. Qc4 $16 Ne6 17. d5 cxd5 18. exd5 Rc8 19. Qg4 Nc5 20. d6 Qd7 21. Qd4 b6 22. Rad1 Rcd8 {[#]} (22... f6 $142) 23. b4 $1 {[%cal Rb4c5]} Ne6 24. Qd5 ({White should play} 24. Qc4 $18) 24... Nef8 25. Nb5 Ne6 26. a4 Ngf8 (26... a6 $16 {was called for.}) 27. Qb3 Rc8 28. Nc7 Nxc7 29. dxc7 Qe6 30. Qf3 {[#] Hoping for Rfe1.} f6 $2 (30... Qe7 {is tougher.} 31. Bd6 Qe3+ 32. Qxe3 Rxe3) 31. Rfe1 $18 {White is clearly winning.} Qc4 (31... Qf7 $142 32. Rxe8 Qxe8 33. Qd5+ Ne6) 32. Rxe8 Rxe8 33. Rd8 Qc1+ 34. Qf1 {Accuracy: White = 84%, Black = 42%.} 1-0

[Event "ROU-chT 1st League 2019"]
[Site "Mamaia"]
[Date "2019.09.22"]
[Round "2.9"]
[White "Pisu, Robert-Daniel"]
[Black "Ionescu, Constantin"]
[Result "0-1"]
[WhiteElo "2244"]
[BlackElo "2426"]
[Annotator "TA"]
[PlyCount "64"]
[EventDate "2019.09.21"]
[EventType "team-tourn"]
[EventCountry "ROU"]
[SourceTitle "playchess.com"]
[Source "ChessBase"]
[SourceQuality "1"]

{[%evp 11,64,37,39,33,42,12,34,22,50,22,47,39,28,37,76,56,70,0,0,-75,-77,-214,-225,-226,-224,-229,-233,-291,-296,-317,-300,-356,-353,-350,-311,-406,-253,-284,-177,-204,-189,-395,-391,-386,-369,-461,-458,-449,-447,-541,-467,-454,-452,-432,-449]} 1. d4 Nf6 2. c4 e6 3. Nc3 Bb4 4. Qc2 c5 5. dxc5 Bxc5 6. Nf3 b6 7. Bf4 {E38: Nimzo-Indian: Classical: 4...c5} Bb7 8. e3 O-O 9. Be2 {White is slightly better.} Nc6 {[%cal Bb8c6,Bc6a5,Ba5c4][%mdl 32]} 10. a3 Rc8 11. O-O Be7 12. Rfd1 a6 13. e4 $146 ({Predecessor:} 13. h3 d6 14. Rac1 Na5 15. Nd2 {1-0 (45) Chernin,A (2600)-Horvath,J (2525) Debrecen 1990}) 13... Na5 14. e5 (14. Nd2 $14) 14... Nh5 $11 15. Be3 (15. Bc1 $11 {remains equal.}) 15... Nxc4 $17 16. g4 {[#]} (16. Bxc4 $17 {was called for.} Rxc4 17. Qe2) 16... Bxf3 $1 $19 17. Bxf3 Nxe5 18. Be2 Nf6 19. h3 b5 20. f4 Nc4 21. Bf2 d5 22. Bd3 g6 23. f5 Ne5 24. Qe2 Nxd3 25. Rxd3 Qd7 ({Don't take} 25... gxf5 26. gxf5 Kh8 27. fxe6 $17) 26. g5 $2 {[#]} (26. Re1) 26... Nh5 {And now ...Nf4 would win.} 27. f6 Bd6 28. Rd4 Rc4 {Black is clearly winning.} 29. Rad1 Rfc8 30. Qg4 Qb7 31. Qf3 Rxd4 32. Rxd4 Rc4 {Accuracy: White = 24%, Black = 54%.} 0-1

[Event "ROU-chT 1st League 2019"]
[Site "Mamaia"]
[Date "2019.09.22"]
[Round "2.10"]
[White "Cosma, Ioan"]
[Black "Coca, Cristi-Iulian"]
[Result "1/2-1/2"]
[WhiteElo "2394"]
[BlackElo "2106"]
[Annotator "NA"]
[PlyCount "86"]
[EventDate "2019.09.21"]
[EventType "team-tourn"]
[EventCountry "ROU"]
[SourceTitle "playchess.com"]
[Source "ChessBase"]
[SourceQuality "1"]
[TimeControl "40/5400+30:1800+30"]

1. d4 {[%emt 0:00:00]} Nf6 {[%emt 0:00:00]} 2. Nf3 {[%emt 0:00:00]} g6 {[%emt 0:00:16]} 3. g3 {[%emt 0:00:02]} Bg7 {[%emt 0:00:26]} 4. Bg2 {[%emt 0:00:08]} O-O {[%emt 0:00:23]} 5. O-O {[%emt 0:00:11]} d6 {[%emt 0:00:19]} 6. c4 {[%emt 0:00:11]} Nc6 {[%emt 0:01:37]} 7. Nc3 {[%emt 0:00:12]} a6 {[%emt 0:01:26]} 8. d5 {[%emt 0:00:33]} Na5 {[%emt 0:00:26]} 9. b3 {[%emt 0:00:14]} c5 {[%emt 0:02:28]} 10. dxc6 {[%emt 0:00:37]} Nxc6 {[%emt 0:01:55]} 11. Bb2 {[%emt 0:00:35]} Qa5 {[%emt 0:02:01]} 12. Qc1 {[%emt 0:00:41]} Bf5 {[%emt 0:03:36]} 13. Rd1 {[%emt 0:03:09]} Rfc8 {[%emt 0:13:35]} 14. Nd5 {[%emt 0:03:30]} Nxd5 {[%emt 0:05:19]} 15. Bxg7 {[%emt 0:02:08]} Kxg7 {[%emt 0:03:35]} 16. Rxd5 {[%emt 0:00:09]} Qc7 {[%emt 0:10:21]} 17. Qe3 {[%emt 0:12:46]} Rab8 {[%emt 0:07:06]} 18. h4 {[%emt 0:01:00]} Be6 {[%emt 0:06:29]} 19. Rd2 {[%emt 0:04:13]} h5 {[%emt 0:02:22]} 20. Rad1 {[%emt 0:06:17]} Bg4 {[%emt 0:08:07]} 21. Ng5 {[%emt 0:05:40]} Ne5 {[%emt 0:10:15]} 22. Rd5 {[%emt 0:05:30]} Be6 {[%emt 0:10:29]} 23. R5d4 {[%emt 0:02:38]} Bf5 {[%emt 0:01:15]} 24. Rd5 {[%emt 0:07:40]} Ng4 {[%emt 0:01:08]} 25. Qf4 {[%emt 0:05:35]} Nf6 {[%emt 0:02:44]} 26. R5d2 {[%emt 0:06:53]} b5 {[%emt 0:00:58]} 27. Bd5 {[%emt 0:03:40]} e6 {[%emt 0:01:06]} 28. Bf3 {[%emt 0:00:52]} bxc4 {[%emt 0:00:33]} 29. bxc4 {[%emt 0:00:14]} e5 {[%emt 0:01:26]} 30. Qe3 {[%emt 0:00:17]} Qxc4 {[%emt 0:00:09]} 31. Rxd6 {[%emt 0:00:20]} e4 {[%emt 0:01:06]} 32. Bg2 {[%emt 0:04:28]} Rb2 {[%emt 0:01:12]} 33. Bf1 {[%emt 0:03:25]} Rxa2 {[%emt 0:00:52]} 34. Qf4 {[%emt 0:01:08]} Ng4 {[%emt 0:01:02]} 35. R6d4 {[%emt 0:05:31]} Qc2 {[%emt 0:00:38]} 36. Rd7 {[%emt 0:01:24]} Rf8 {[%emt 0:00:42]} 37. R1d2 {[%emt 0:03:25]} Qb3 {[%emt 0:00:29]} 38. R2d5 {[%emt 0:00:24]} Bxd7 {[%emt 0:00:08]} 39. Rxd7 {[%emt 0:00:19]} Ra1 {[%emt 0:00:27]} 40. Kg2 {[%emt 0:00:00]} Rd1 {[%emt 0:00:00]} 41. Ne6+ {[%emt 0:01:40]} Qxe6 {[%emt 0:04:10]} 42. Rxd1 {[%emt 0:00:06]} e3 {[%emt 0:09:23]} 43. Rd6 {[%emt 0:01:01]} Qe7 {[%emt 0:06:15]} 1/2-1/2

[Event "ROU-chT 1st League 2019"]
[Site "Mamaia"]
[Date "2019.09.22"]
[Round "2.11"]
[White "Dobrin, Ionut-Alexandru"]
[Black "Itkis, Boris"]
[Result "0-1"]
[WhiteElo "2089"]
[BlackElo "2323"]
[Annotator "TA"]
[PlyCount "115"]
[EventDate "2019.09.21"]
[EventType "team-tourn"]
[EventCountry "ROU"]
[SourceTitle "playchess.com"]
[Source "ChessBase"]
[SourceQuality "1"]

{[%evp 15,115,-9,-4,-9,11,18,14,13,25,29,18,0,15,-1,0,0,50,15,51,61,47,-16,0,-40,-52,-43,-33,-66,-58,-82,-31,-72,-40,-47,-23,-131,0,0,0,-264,-233,-493,-486,-669,-656,-6209,-6195,-5975,-5785,-5410,-2305,-29969,-29967,-29953,-29958,-2270,-647,-641,-647,-647,-643,-612,-521,-521,-576,-587,-514,-514,-632,-609,-514,-508,-459,-707,-707,-689,-514,-514,-507,-489,-458,-507,-451,-438,-316,-673,-664,-29960,-29964,-29965,-29967,-29961,-29961,-29973,-29972,-29960,-29963,-29969,-29970,-29984,-29982,-29969]} 1. d4 Nf6 2. c4 e6 3. Nc3 Bb4 4. f3 c5 5. a3 Bxc3+ 6. bxc3 d5 7. cxd5 exd5 8. e3 Qc7 9. Ne2 {E25: Nimzo-Indian: Sämisch: 5...c5 6 f3 d5 7 cxd5} O-O (9... Nc6 10. g4 h6 11. Ra2 Be6 12. Bg2 O-O-O 13. Nf4 g5 14. Nxe6 fxe6 15. O-O h5 16. h3 Rd7 17. Raf2 Qg3 18. e4 hxg4 19. fxg4 Rxh3 20. Rxf6 Qh2+ 21. Kf2 Qg3+ 22. Kg1 Qh2+ 23. Kf2 Qg3+ {½-½ (23) Volkov,S (2615)-Alekseev,E (2673) Taganrog 2011}) 10. g4 Nc6 11. Nf4 {The position is equal.} Re8 {Threatens to win with ...Qxf4.} 12. Kf2 Ne7 13. g5 Nd7 14. Bd3 $146 ({Predecessor:} 14. h4 Nf8 15. Qb3 Rd8 16. c4 Be6 17. cxd5 Nxd5 18. Nxe6 Nxe6 {½-½ (33) Tsygankov,E (2313)-Dobrica,D (2320) ICCF email 2012}) 14... Nf8 15. h4 Qd6 16. h5 Bd7 17. a4 b6 18. Bb5 (18. dxc5 $14 bxc5 19. e4) 18... Rad8 19. Qd3 Ne6 20. Nxe6 Qxe6 21. e4 cxd4 22. cxd4 dxe4 (22... a5 $17 {...Bxb5 is the strong threat.} 23. Bxd7 Qxd7) 23. fxe4 Bxb5 24. axb5 f5 $36 {[%mdl 2048] Black has some pressure.} 25. Rh4 (25. e5 $1 $11 {remains equal.}) 25... Nc8 (25... fxe4 $1 $17 26. Rxe4 Qf7+ 27. Kg1 Qxh5) 26. e5 $11 Qxe5 {[%mdl 64] Pin} 27. Bd2 $2 {[%mdl 8192]} (27. dxe5 $11 Rxd3 28. Rc4) 27... Qd5 $19 28. Ra4 $2 (28. h6) 28... Nd6 29. Rb4 Ne4+ 30. Kg1 Nxd2 31. Qxd2 Qf3 32. Rh2 Re4 33. h6 Rde8 34. Qa2+ R8e6 {[%cal Re4e1]} 35. Rb1 gxh6 (35... Rg4+ $142 36. Rg2 Qe3+ {[%mdl 64] Double Attack} 37. Qf2 Rxg2+ 38. Kxg2 Qe4+ {[%mdl 64] Double Attack} 39. Qf3 Qxb1 40. Qa8+ {[#]} Kf7 $1 {[%mdl 512]} 41. Qb7+ Kg6 $1 {[%mdl 576] Double Attack} 42. Qxg7+ Kh5 43. Qf7+ Rg6) 36. Rf1 Rg4+ 37. Rg2 Rxg2+ 38. Qxg2 Qxg2+ 39. Kxg2 {Now gxh6 and White clings on.} hxg5 40. Rxf5 {[%mdl 4096] Endgame KR-KR} h6 41. Kf3 Kg7 42. Rd5 Kf6 43. Rd7 Kf5 44. Rf7+ (44. Rd5+ $142 Kg6 45. Rd8) 44... Rf6 45. Rxa7 g4+ 46. Kg3 Rd6 47. Rf7+ Ke4 48. Rf4+ Kd5 49. Kf2 Kc4 50. Ke3 $2 (50. Rxg4 Kxb5 51. Ke3) 50... Rg6 51. Ke4 g3 {Black mates.} 52. Rf1 g2 53. Rg1 Kxb5 54. d5 Rg5 55. Kd4 Ka6 56. d6 Kb7 57. Kc4 Kc6 58. Kd4 {Accuracy: White = 32%, Black = 65%.} 0-1

[Event "ROU-chT 1st League 2019"]
[Site "Mamaia"]
[Date "2019.09.22"]
[Round "2.12"]
[White "Ileana, George"]
[Black "Craciun, Alexandru-Emilian"]
[Result "0-1"]
[WhiteElo "2349"]
[BlackElo "2077"]
[Annotator "TA"]
[PlyCount "96"]
[EventDate "2019.09.21"]
[EventType "team-tourn"]
[EventCountry "ROU"]
[SourceTitle "playchess.com"]
[Source "ChessBase"]
[SourceQuality "1"]

{[%evp 13,96,9,10,12,37,-16,42,37,61,57,60,59,52,-15,13,14,12,13,31,29,35,32,37,30,49,20,90,68,78,94,81,89,110,107,115,105,122,115,121,124,122,87,89,66,58,73,41,43,162,159,309,300,268,325,304,328,320,319,294,248,318,320,308,297,373,384,447,186,501,493,536,537,595,-6079,-5089,-29974,-29973,-29977,-29978,-29980,-29981,-29982,-29983,-29982,-29982]} 1. Nf3 Nf6 2. g3 g6 3. Bg2 Bg7 4. O-O O-O 5. d4 d6 6. Nbd2 Nbd7 7. e4 e5 8. Re1 {A49: 1 d4 Nf6 2 Nf3 g6 3 g3: Anti-King's Indian systems} (8. c3 Re8 9. Re1 b6 10. Qc2 Bb7 11. dxe5 dxe5 12. Bf1 a5 13. a4 Qc8 14. b3 Bc6 15. Nh4 Nc5 16. f3 Nfd7 17. Ng2 Nf6 {½-½ (85) Schwabeneder,F (2446)-Blohberger,F (2423) Vienna 2018}) 8... Qe7 9. c4 $146 (9. c3 $14) ({Predecessor:} 9. c3 h6 10. Qc2 c5 11. b4 b6 12. bxc5 bxc5 13. Rb1 a5 14. Bf1 Qd8 15. dxe5 dxe5 {1-0 (90) Samovojska,D (2257)-Kozel,J (1969) Frydek Mistek 2012}) 9... b6 (9... exd4 $11 10. Nxd4 Re8) 10. b3 $14 {White is slightly better.} Ne8 11. Bb2 Bb7 12. Qc2 c5 {[%cal Rc5d4]} 13. dxc5 (13. d5 $14) 13... dxc5 14. Nb1 {[%cal Bd2b1,Bb1c3,Bc3d5][%mdl 32]} Nc7 15. Nc3 Ne6 16. Nd5 $36 {[%mdl 2048] White is more active.} Qd6 17. Rad1 {aiming for Nf6+!} Nd4 18. Qc1 Rac8 19. Ba3 Bxd5 (19... Qe6 $11) 20. Nxd4 $16 exd4 21. cxd5 f5 22. exf5 Rxf5 23. Re6 Qf8 24. f4 Rf7 25. Rde1 Nf6 26. Qc4 Ng4 27. Bh3 Ne3 28. R6xe3 dxe3 29. Bxc8 Qxc8 30. Bc1 Bd4 (30... g5 $14) 31. Bxe3 $18 Qe8 (31... b5 $16 {was necessary.} 32. Qc1 (32. Qxb5 Re7 $16) 32... Qc7) 32. Kf2 $1 b5 {[#]} 33. Qd3 $1 (33. Bxd4 Qxe1+ 34. Kxe1 bxc4 $17) 33... Re7 34. Re2 ({Weaker is} 34. Bxd4 Rxe1 35. Be5 (35. Bxc5 Ra1 $15) 35... Rxe5 $14) 34... Rxe3 35. Rxe3 {[%mdl 4096] Endgame Qxd4! is the strong threat. KQR-KQB} Qd7 36. Qe4 Kf7 37. Kf3 Bxe3 38. Kxe3 {KQ-KQ} ({Worse is} 38. Qxe3 Qxd5+ 39. Qe4 Qd1+ 40. Kg2 Qd2+ 41. Kh3 Qd7+ 42. Kg2 a6 $11) 38... h5 {[#]} 39. Qe5 $1 a5 40. Kd3 (40. d6 $142) 40... h4 $2 (40... Qg4) 41. d6 hxg3 42. hxg3 Qf5+ 43. Qxf5+ $4 {[%mdl 8192]} (43. Kc3 $18 Qe6 44. Kd2) 43... gxf5 {KP-KP} 44. a4 bxa4 {Black mates.} 45. bxa4 Ke6 46. Kc4 Kxd6 47. Kb5 Kd5 48. Kxa5 Kc6 {Accuracy: White = 48%, Black = 27%.} 0-1

[Event "ROU-chT 1st League 2019"]
[Site "Mamaia"]
[Date "2019.09.22"]
[Round "2.13"]
[White "Zubov, Alexander"]
[Black "Oltean, Dorel"]
[Result "1-0"]
[WhiteElo "2612"]
[BlackElo "2333"]
[Annotator "TA"]
[PlyCount "70"]
[EventDate "2019.09.21"]
[EventType "team-tourn"]
[EventCountry "ROU"]
[SourceTitle "playchess.com"]
[Source "ChessBase"]
[SourceQuality "1"]

{[%evp 9,70,2,22,4,38,31,33,28,32,32,35,27,45,19,28,23,19,23,23,13,16,15,22,24,24,24,39,39,49,50,70,77,87,86,76,86,100,79,86,98,118,31,31,21,27,24,58,42,56,57,79,82,72,82,158,159,258,255,359,306,324,306,454]} 1. e4 c5 2. Nf3 d6 3. Nc3 Nf6 4. e5 dxe5 5. Nxe5 e6 6. g3 {B50: Sicilian: 2...d6, Miscellaneous} (6. Bb5+ Bd7 7. Nxd7 Nbxd7 8. O-O a6 9. Be2 Qc7 10. d4 Bd6 11. g3 cxd4 12. Qxd4 O-O 13. Ne4 Be5 14. Nxf6+ Bxf6 {1-0 (73) Vitiugov,N (2719)-Van Foreest,J (2614) St Petersburg 2018}) 6... Nbd7 (6... Qc7 $5 {[%cal Rc7e5]} 7. Nc4 Bd7 $11) 7. Nc4 Nb6 8. d3 {White is slightly better.} Nxc4 $146 ({Predecessor:} 8... Be7 9. Bg2 O-O 10. O-O Nbd5 11. Ne3 Nxc3 12. bxc3 Nd5 13. Nxd5 exd5 14. Rb1 b6 15. c4 Be6 16. Qf3 dxc4 17. Re1 {½-½ (17) Palac,M (2571)-Olszewski,M (2538) Senigallia 2009}) 9. dxc4 Qxd1+ 10. Kxd1 e5 11. h3 Bf5 12. Be3 O-O-O+ 13. Kc1 Ne4 14. Nd5 Be6 15. Bg2 Nd6 16. b3 Nf5 17. Bd2 Ne7 {[%cal Re7d5]} 18. Nc3 $36 {[%mdl 2048] White has good play.} Bd7 19. Nb5 Nc6 20. Bxc6 bxc6 21. Nc3 $1 (21. Nxa7+ $2 Kb7 $19) 21... f5 22. Kb2 Bd6 23. Rad1 Be6 24. Rhe1 Rhe8 25. f4 (25. Bg5 $16) 25... Bf7 $14 26. Rf1 Bh5 27. Rde1 exf4 28. Bxf4 Rxe1 29. Rxe1 Bxf4 30. gxf4 $11 {[%mdl 4096] Endgame KRB-KRN} Rd4 31. Re7 Rxf4 (31... a5 $142) 32. Rxa7 $16 ({Don't do} 32. Rxg7 $6 Bg6 $14) 32... Rf2 (32... Bg6 $16) 33. a4 $1 $18 {[%cal Ba2a4,Ba4a5][%mdl 32] aiming for a5.} ({Not} 33. Rxg7 Bg6 $14) 33... Bg6 {[#]} (33... Rd2 {was necessary.} 34. Rxg7 Bg6) 34. a5 $1 {[%cal Ra5a6]} ({But not} 34. Rxg7 $2 f4 $19) 34... f4 {[#]} 35. Na4 $1 Kb8 {Accuracy: White = 72%, Black = 33%.} (35... Rxc2+ $142 36. Ka3 Rg2) 1-0